01917cam a2200217 a 4500020001800000020001500018040001000033082002600043245006600069260011300135300003300248490006400281500005700345520107200402650002001474650001901494650001901513710006101532856005201593856005401645 a9789251067406 a9251067406 cBTCTA04a333 BIO 2010 A015 Or.00aBioenergy and food security :bthe BEFS analytical framework. aRome :bBioenergy and food security Project, Food and Agriculture Organization of the United Nations,c2010. ax, 91 p. :bill. (some col.)1 aEnvironment and natural resources management working paper, aSeries statement corrected by pasted in corrigendum. a"A potent argument for bioenergy development lies in the ability of the sector to unlock agricultural potential by bringing in much needed investments to raise agricultural productivity to spur food security and poverty reduction. This document presents the BEFS Analytical Framework (AF) developed to test this argument. Agriculture lies at the heart of the BEFS AF and allows governments to consider viable pro-poor strategies for bioenergy development. The set of tools within the BEFS AF offers an integrated approach to decision-making that combines the technical viability with the country's prevailing social and economic development objectives. This document explains the rationale and structure of the BEFS AF, provides a general overview of the tools and their application, and illustrates how the analytical information generated assists policy makers in making informed decisions concerning the many varied consequences of bioenergy developments on food security, poverty reduction and agriculture development and economic growth."--Provided by publisher. 0aBiomass energy. 0aBiomass energy 0aFood security.2 aFood and Agriculture Organization of the United Nations.41uhttp://www.fao.org/docrep/013/i1968e/i1968e.pdf41uhttp://www.fao.org/docrep/013/i1968e/i1968e00.htm